000
002610000a22000970004500
100
1
_a
Moore, Stephen D.
245
1
0
_a
Gigantic God : Yahweh's body
300
_a
Núm 70 (1996), Páginas 87-115
773
0
_t
Journal for the Study of the Old Testament
942
_c
ANA
999
_c
54625
_d
54625